[Event "World Blitz Women 2022"]
[Site "Almaty KAZ"]
[Date "2022.12.30"]
[Round "15.30"]
[White "Gvetadze, Sofio"]
[Black "Fataliyeva, Ulviyya"]
[Result "1/2-1/2"]
[WhiteTitle "IM"]
[BlackTitle "IM"]
[WhiteElo "2298"]
[BlackElo "2428"]
[WhiteFideId "13601440"]
[BlackFideId "13403052"]
[EventDate "2022.12.29"]

1. Nf3 d5 2. g3 Bg4 3. Bg2 Nd7 4. b3 e5 5. d3 Ngf6 6. Bb2 Bd6 7. c4 c6 8. O-O
O-O 9. Nc3 a6 10. h3 Bxf3 11. Bxf3 dxc4 12. dxc4 Qe7 13. Qc2 Nc5 14. e3 e4 15.
Bg2 Be5 16. Rad1 Nd3 17. Ba1 Nb4 18. Qb1 Rfe8 19. a3 Bxc3 20. Bxc3 Nd3 21. Bxf6
Qxf6 22. Bxe4 Rxe4 23. Qxd3 Ree8 24. Kg2 h5 25. h4 Re5 26. Qc3 Qf5 27. Rd4 Rae8
28. Rfd1 b5 29. cxb5 cxb5 30. b4 R5e6 31. Qd3 Qxd3 32. R1xd3 Rc6 33. Rd6 Re6 34.
Rxe6 Rxe6 35. Rd8+ Kh7 36. Ra8 f6 37. Kf3 g5 38. e4 Rc6 39. hxg5 fxg5 40. Kg2 g4
41. Ra7+ Kg6 42. Rd7 Kf6 43. Rd5 Kg6 44. Rd3 Kg5 45. Re3 Kf6 46. f4 Rc2+ 47. Kf1
Rc1+ 48. Ke2 Ra1 49. Rc3 Ra2+ 50. Ke3 h4 51. gxh4 g3 52. Rc6+ Ke7 53. Rg6 Rxa3+
54. Kd4 Rb3 55. Kc5 Re3 56. e5 Re4 57. Rxg3 Rxf4 58. Rh3 Re4 59. h5 Rxe5+ 60.
Kb6 Re6+ 61. Kb7 Rh6 62. Ra3 Rxh5 63. Kxa6 Kd6 64. Rc3 Rd5 65. Rc8 Kd7 66. Rc3
Rh5 67. Kb6 Rf5 68. Rc7+ Kd8 69. Rc3 Re5 70. Rc5 Rxc5 71. Kxc5 Kc7 72. Kxb5 Kb7
73. Kc5 Kc7 1/2-1/2

[Event "World Blitz Women 2022"]
[Site "Almaty KAZ"]
[Date "2022.12.30"]
[Round "15.31"]
[White "Serikbay, Assel"]
[Black "Charochkina, Daria"]
[Result "0-1"]
[WhiteTitle "WIM"]
[BlackTitle "IM"]
[WhiteElo "2230"]
[BlackElo "2344"]
[WhiteFideId "13706799"]
[BlackFideId "4180917"]
[EventDate "2022.12.29"]

1. d4 d6 2. c4 e5 3. e3 c6 4. Nc3 Qe7 5. g3 g6 6. Bg2 Bg7 7. Nge2 Nh6 8. O-O O-O
9. b4 f5 10. b5 e4 11. a4 Kh8 12. Ba3 Nd7 13. Qd2 Nb6 14. c5 Nc4 15. cxd6 Qf6
16. Qa2 Be6 17. d5 cxd5 18. Nd4 Bg8 19. Bb4 Nxd6 20. Nxd5 Qe5 21. Qa3 Nc4 22.
Qc3 Bxd5 23. Bxf8 Rxf8 24. Rfc1 Rc8 25. Bf1 Nf7 26. Qb4 Nfd6 27. a5 Bf8 28. Qa4
g5 29. Rc2 f4 30. Rac1 fxe3 31. fxe3 g4 32. Bxc4 Nxc4 33. Rxc4 Bxc4 34. Rxc4 Re8
35. Qc2 Qg5 36. Qe2 Bh6 37. Rc3 Rf8 38. Ne6 Qf6 39. Nd4 Bxe3+ 40. Rxe3 Qxd4 41.
Kg2 Re8 42. Rb3 e3 43. Rd3 Qe4+ 44. Kg1 Qe5 45. b6 a6 46. Ra3 Qc5 47. Qb2+ Re5
48. Ra4 e2+ 49. Kg2 e1=Q 0-1

[Event "World Blitz Women 2022"]
[Site "Almaty KAZ"]
[Date "2022.12.30"]
[Round "15.32"]
[White "Eric, Jovana"]
[Black "Mkrtchyan, Mariam"]
[Result "0-1"]
[WhiteTitle "WGM"]
[BlackTitle "WIM"]
[WhiteElo "2236"]
[BlackElo "2364"]
[WhiteFideId "938238"]
[BlackFideId "13310828"]
[EventDate "2022.12.29"]

1. e4 e5 2. Nf3 Nc6 3. Bc4 Bc5 4. d3 Nf6 5. Nc3 h6 6. O-O O-O 7. a3 a5 8. h3 d6
9. Be3 Bxe3 10. fxe3 Be6 11. Nd5 Bxd5 12. exd5 Ne7 13. e4 Ng6 14. Qd2 Nh5 15. d4
Qe7 16. dxe5 dxe5 17. Rad1 Qc5+ 18. Kh2 Qxc4 19. g4 Nhf4 20. Nxe5 Nxe5 21. Rxf4
Rae8 22. Rdf1 b6 23. b3 Qc5 24. a4 Ng6 25. Rf5 Rxe4 26. R1f2 Qd6+ 27. Kg1 Qg3+ 0-1

[Event "World Blitz Women 2022"]
[Site "Almaty KAZ"]
[Date "2022.12.30"]
[Round "15.33"]
[White "Pourkashiyan, Atousa"]
[Black "Gaboyan, Susanna"]
[Result "0-1"]
[WhiteTitle "WGM"]
[BlackTitle "WIM"]
[WhiteElo "2321"]
[BlackElo "2200"]
[WhiteFideId "12502014"]
[BlackFideId "13303627"]
[EventDate "2022.12.29"]

1. e4 c5 2. Nf3 Nc6 3. d4 cxd4 4. Nxd4 Nf6 5. Nc3 e5 6. Ndb5 d6 7. Bg5 a6 8. Na3
b5 9. Nd5 Be7 10. Bxf6 Bxf6 11. c4 b4 12. Nc2 a5 13. Be2 O-O 14. O-O Bg5 15. Qd3
Nb8 16. Nde3 Na6 17. Bf3 Nc5 18. Qe2 Bb7 19. Nf5 g6 20. Ng3 Qb6 21. b3 a4 22.
bxa4 Rxa4 23. Ne3 Rfa8 24. Qb2 Bxe3 25. fxe3 Qa6 26. h4 Qxc4 27. h5 Rxa2 28.
Rxa2 Rxa2 29. Qb1 b3 30. hxg6 hxg6 31. Rc1 Qxc1+ 32. Qxc1 b2 33. Qc4 b1=Q+ 34.
Kh2 Qb3 35. Qf1 Qxe3 36. Qc4 Qxf3 37. Qxa2 Qf4 38. Qb2 Bxe4 39. Qb8+ Kg7 40.
Qxd6 Ne6 41. Qd1 Qh4+ 42. Kg1 Qxg3 0-1

[Event "World Blitz Women 2022"]
[Site "Almaty KAZ"]
[Date "2022.12.30"]
[Round "15.34"]
[White "Kurmangaliyeva, Liya"]
[Black "Atalik, Ekaterina"]
[Result "1-0"]
[WhiteTitle "FM"]
[BlackTitle "IM"]
[WhiteElo "2287"]
[BlackElo "2403"]
[WhiteFideId "13725831"]
[BlackFideId "4130189"]
[EventDate "2022.12.29"]

1. e4 e5 2. Nf3 Nc6 3. d4 exd4 4. Bc4 Bc5 5. Ng5 Nh6 6. Nxf7 Nxf7 7. Bxf7+ Kxf7
8. Qh5+ Kf8 9. Qxc5+ d6 10. Qb5 a6 11. Qc4 Qf6 12. O-O g6 13. c3 Kg7 14. Bd2 Be6
15. Qa4 d3 16. c4 Nd4 17. Nc3 Rhf8 18. f4 Kg8 19. Rae1 b5 20. cxb5 axb5 21. Qd1
b4 22. e5 Qf5 23. Ne4 Ne2+ 24. Rxe2 dxe2 25. Qxe2 dxe5 26. Ng3 Qc2 27. Qxe5 Qxd2
28. Qxe6+ Rf7 29. f5 Qd4+ 30. Kh1 Qd7 31. Qc4 Rd8 32. Qxb4 gxf5 33. Qc4 Qd5 34.
Qf4 Re8 35. Nh5 Kh8 36. h3 Re2 37. Qg5 Re8 38. Nf4 Qd6 39. Qh5 Ref8 40. Rf3 Rg7
41. Qh4 Qf6 42. Qf2 Rfg8 43. Nh5 Qg5 44. Nxg7 Rxg7 45. Rxf5 Qc1+ 46. Kh2 Rg8 47.
Qd4+ 1-0

[Event "World Blitz Women 2022"]
[Site "Almaty KAZ"]
[Date "2022.12.30"]
[Round "15.35"]
[White "Kovanova, Baira"]
[Black "Foudzi, Siti Zulaikha"]
[Result "1-0"]
[WhiteTitle "WGM"]
[BlackTitle "WIM"]
[WhiteElo "2317"]
[BlackElo "2136"]
[WhiteFideId "4164083"]
[BlackFideId "5700965"]
[EventDate "2022.12.29"]

1. e4 g6 2. d4 Bg7 3. Nc3 d6 4. Nf3 a6 5. Bd3 Nc6 6. Be3 Nf6 7. h3 e5 8. Qd2 O-O
9. O-O Nh5 10. dxe5 Nxe5 11. Be2 Nf6 12. Bg5 h6 13. Bxh6 Re8 14. Bxg7 Kxg7 15.
Rad1 Qe7 16. Nxe5 Qxe5 17. Bf3 Bd7 18. Qd4 Bc6 19. Qc4 Rh8 20. Rfe1 Qf4 21. Qd4
Rh6 22. Nd5 Bxd5 23. exd5 Qf5 24. Rd3 Rah8 25. Kf1 g5 26. Bg4 Qg6 27. Rf3 Rh4
28. c3 Rxg4 29. hxg4 Rh1+ 30. Ke2 Qc2+ 31. Qd2 Qe4+ 32. Re3 Qxg4+ 33. Kd3 Qxg2
34. Rxh1 Qxh1 35. c4 Nh5 36. Re1 Qf3+ 37. Qe3 Nf4+ 38. Kc3 Qg4 39. f3 Qf5 40.
Qd4+ Kg6 41. Qe4 Qxe4 42. Rxe4 Kf6 43. Kd2 Ng6 44. Re8 Ne5 45. b3 Nxf3+ 46. Ke3
Ne5 47. Rb8 b5 48. cxb5 axb5 49. Rxb5 Kf5 50. Rb7 Ng4+ 51. Kf3 Ne5+ 52. Kg3 Ke4
53. Rxc7 f5 54. Rc1 f4+ 55. Kg2 g4 56. Re1+ Kxd5 57. a4 f3+ 58. Kg3 f2 59. Rd1+
Kc5 60. Kxf2 Kb4 61. Rxd6 Kxb3 62. a5 Nc4 63. a6 1-0

[Event "World Blitz Women 2022"]
[Site "Almaty KAZ"]
[Date "2022.12.30"]
[Round "15.37"]
[White "Nurgaliyeva, Zarina"]
[Black "Schulze, Lara"]
[Result "1-0"]
[WhiteTitle "WFM"]
[BlackTitle "FM"]
[WhiteElo "2013"]
[BlackElo "2284"]
[WhiteFideId "13730096"]
[BlackFideId "12956830"]
[EventDate "2022.12.29"]

1. e4 c5 2. Nf3 Nc6 3. Bb5 g6 4. O-O Bg7 5. Nc3 Nd4 6. Nxd4 cxd4 7. Ne2 e6 8. c3
a6 9. Bd3 dxc3 10. dxc3 Ne7 11. Bf4 d5 12. a4 O-O 13. Be3 Bd7 14. a5 Bc6 15. Bb6
Qd7 16. Qc2 dxe4 17. Bxe4 Bxe4 18. Qxe4 Nd5 19. Bd4 Qb5 20. Bxg7 Kxg7 21. b4
Rac8 22. Rac1 Rc4 23. Nd4 Qd7 24. Nxe6+ fxe6 25. Qxc4 Nf4 26. Qd4+ Qxd4 27. cxd4
Ne2+ 28. Kh1 Nxc1 29. Rxc1 Rxf2 30. Kg1 Rf7 31. Rc4 Kf6 32. Kf2 Ke7+ 33. Ke3 Kd6
34. Rc8 Kd5 35. Rc5+ Kd6 36. Rc8 Rf1 37. Rd8+ Kc7 38. Rg8 Rf7 39. g3 Kc6 40. Kd3
Kb5 41. Re8 Rf6 42. Re7 Kxb4 43. Rxb7+ Kxa5 44. Rxh7 Kb5 45. Rb7+ Kc6 46. Rb2 a5
47. Ke4 a4 48. Ke5 Rf1 49. Kxe6 Re1+ 50. Kf6 Kd5 51. Kxg6 Kc4 52. Rb8 Re6+ 53.
Kf5 Ra6 54. Rb1 a3 55. h4 Kxd4 56. h5 Ra5+ 57. Kg6 Kc3 58. h6 Kc2 59. Ra1 Kb2
60. Rh1 a2 61. h7 Ra8 62. g4 a1=Q 63. Rxa1 Kxa1 64. Kg7 Ra7+ 65. Kh6 Ra6+ 66.
Kh5 Ra2 67. g5 Rh2+ 68. Kg6 Kb2 69. Kg7 Kc3 70. h8=Q Rxh8 71. Kxh8 Kd4 72. g6
Ke4 1-0

[Event "World Blitz Women 2022"]
[Site "Almaty KAZ"]
[Date "2022.12.30"]
[Round "15.38"]
[White "Yao, Lan"]
[Black "Kairbekova, Amina"]
[Result "0-1"]
[WhiteTitle "WIM"]
[BlackTitle "WIM"]
[WhiteElo "2271"]
[BlackElo "2209"]
[WhiteFideId "8610835"]
[BlackFideId "13712799"]
[EventDate "2022.12.29"]

1. e4 e5 2. Nf3 Nc6 3. Bc4 Nf6 4. d3 h6 5. c3 d6 6. Bb3 a5 7. Nbd2 Qe7 8. O-O g5
9. Nc4 Be6 10. Ne3 Qd7 11. Ba4 Rb8 12. d4 b5 13. Bc2 exd4 14. cxd4 d5 15. exd5
Nxd5 16. Nxd5 Bxd5 17. Re1+ Be7 18. Ne5 Nxe5 19. Rxe5 Rb6 20. Bd2 a4 21. Ba5 Re6
22. Bf5 Bd6 23. Bxe6 fxe6 24. Re1 O-O 25. Bd2 Qg7 26. Be3 Qg6 27. f3 Qh5 28. h3
Qh4 29. Bf2 Qf4 30. Qc1 Qh2+ 31. Kf1 Bc4+ 32. Re2 Qh1+ 33. Bg1 Bxe2+ 34. Kxe2
Qxg2+ 35. Kd3 Rxf3+ 36. Be3 Bf4 37. Qd2 Rxe3+ 0-1

[Event "World Blitz Women 2022"]
[Site "Almaty KAZ"]
[Date "2022.12.30"]
[Round "15.39"]
[White "Tereladze, Sopio"]
[Black "Kaldarova, Ayaulym"]
[Result "0-1"]
[WhiteTitle "WIM"]
[WhiteElo "2215"]
[BlackElo "1832"]
[WhiteFideId "13600486"]
[BlackFideId "13720503"]
[EventDate "2022.12.29"]

1. e4 d6 2. d4 Nf6 3. Nc3 e5 4. Nf3 exd4 5. Nxd4 Be7 6. Bc4 O-O 7. O-O c6 8. a4
d5 9. exd5 cxd5 10. Bd3 Nc6 11. Nf5 Bxf5 12. Bxf5 Re8 13. Bf4 Bb4 14. Qd3 d4 15.
Ne4 g6 16. Bg5 Be7 17. Nxf6+ Bxf6 18. Bxf6 Qxf6 19. Bh3 Rad8 20. Rfe1 Ne5 21.
Qg3 h5 22. Re4 Nc4 23. Rxe8+ Rxe8 24. Qb3 Re2 25. Rf1 Nd2 26. Qd3 Qe5 0-1

[Event "World Blitz Women 2022"]
[Site "Almaty KAZ"]
[Date "2022.12.30"]
[Round "15.40"]
[White "Mikheeva, Galina"]
[Black "Shukhman, Anna"]
[Result "0-1"]
[WhiteTitle "WFM"]
[BlackTitle "WFM"]
[WhiteElo "1969"]
[BlackElo "2161"]
[WhiteFideId "44108320"]
[BlackFideId "54180058"]
[EventDate "2022.12.29"]

1. e4 c5 2. Nf3 a6 3. g3 Nc6 4. Bg2 g6 5. O-O Bg7 6. Nc3 e6 7. d3 Nge7 8. Be3
Nd4 9. Qd2 O-O 10. Nd1 d5 11. c3 Nxf3+ 12. Bxf3 dxe4 13. dxe4 Qxd2 14. Bxd2 b6
15. Bf4 e5 16. Bg5 f6 17. Be3 Bb7 18. Bg2 f5 19. Bg5 Nc6 20. Ne3 h6 21. exf5
hxg5 22. fxg6 Na5 23. Bh3 Rf6 24. Nf5 Re8 25. Rad1 Bc8 26. Nd6 Rxd6 27. Rxd6
Bxh3 28. Re1 Nc4 29. Rc6 Nd2 30. Re3 Rd8 31. f3 Nc4 32. Re1 Bf5 33. b3 Nb2 34.
Rxb6 Nd3 35. Rd1 e4 36. fxe4 Bxe4 37. Re6 Bf5 38. Rxa6 Bxc3 39. Rc6 Bd4+ 40. Kf1
Re8 41. Rb1 Bh3# 0-1

[Event "World Blitz Women 2022"]
[Site "Almaty KAZ"]
[Date "2022.12.30"]
[Round "15.41"]
[White "Machlik, Monika"]
[Black "Sultanbek, Zeinep"]
[Result "0-1"]
[BlackTitle "WIM"]
[WhiteElo "2114"]
[BlackElo "1891"]
[WhiteFideId "1513621"]
[BlackFideId "13710419"]
[EventDate "2022.12.29"]

1. d4 Nf6 2. c4 e6 3. Nc3 Bb4 4. Qc2 c5 5. dxc5 Na6 6. a3 Bxc3+ 7. Qxc3 Nxc5 8.
f3 O-O 9. e4 d5 10. cxd5 Na4 11. Qd4 Nb6 12. d6 e5 13. Qxe5 Re8 14. Qd4 Nxe4 15.
fxe4 Qh4+ 16. Qf2 Qxe4+ 17. Be2 Bg4 18. Nf3 Re6 19. O-O Qxe2 20. Qxe2 Rxe2 21.
Bg5 f6 22. Bf4 Rxb2 23. Nd4 Rd8 24. h3 Bd7 25. Rfe1 Nd5 26. Bg3 Rd2 27. Nb3 Rd3
28. Nc5 Rxg3 29. Nxb7 Rc8 30. Rad1 Rc2 0-1

[Event "World Blitz Women 2022"]
[Site "Almaty KAZ"]
[Date "2022.12.30"]
[Round "15.42"]
[White "Assylkhan, Asiya"]
[Black "Kaliakhmet, Elnaz"]
[Result "1-0"]
[BlackTitle "WFM"]
[WhiteElo "1430"]
[BlackElo "1786"]
[WhiteFideId "13752707"]
[BlackFideId "13730169"]
[EventDate "2022.12.29"]

1. d4 Nf6 2. c4 e6 3. g3 d5 4. Bg2 dxc4 5. Nf3 a6 6. Ne5 c5 7. e3 cxd4 8. Qxd4
Qxd4 9. exd4 Bb4+ 10. Bd2 Be7 11. Nxc4 Nbd7 12. O-O O-O 13. Na5 Rb8 14. Bf4 Ra8
15. Nxb7 Nd5 16. Bxd5 exd5 17. Nd6 Bf6 18. Nxc8 Rfxc8 19. Rd1 Rc2 20. Nc3 g5 21.
Be3 Nb6 22. Rab1 Rd8 23. Rdc1 Rxc1+ 24. Rxc1 Rc8 25. b3 Kg7 26. Ne2 Rb8 27. Rc6
a5 28. Nc3 g4 29. Rc5 Nd7 30. Rxd5 Nf8 31. Rxa5 Ne6 32. Rd5 Rc8 33. Ne4 Rc2 34.
Nxf6 Kxf6 35. Ra5 Rb2 36. d5 Nf8 37. Bd4+ Ke7 38. Bxb2 Kd7 39. Ra7+ Kd6 40. Rxf7
Kxd5 41. Rxf8 Ke4 42. Re8+ Kf3 43. Re3# 1-0

[Event "World Blitz Women 2022"]
[Site "Almaty KAZ"]
[Date "2022.12.30"]
[Round "15.43"]
[White "Bayasgalan, Khishigbaatar"]
[Black "Mikhaylova, Irina"]
[Result "1-0"]
[WhiteTitle "WCM"]
[BlackTitle "WGM"]
[WhiteElo "1811"]
[BlackElo "2257"]
[WhiteFideId "4904311"]
[BlackFideId "4109040"]
[EventDate "2022.12.29"]

1. d4 Nf6 2. Nc3 d5 3. Bg5 g6 4. Nf3 Bg7 5. e3 O-O 6. Be2 b6 7. O-O Bb7 8. Ne5
Nfd7 9. Nxd7 Nxd7 10. Bf3 Nf6 11. Bxf6 Bxf6 12. Ne2 e5 13. dxe5 Bxe5 14. c4 c6
15. cxd5 cxd5 16. Qb3 Qf6 17. Rab1 Rfd8 18. Rfd1 Rac8 19. Nd4 Rc4 20. Ne2 Rc5
21. Rd2 Ba6 22. a4 Bxe2 23. Bxe2 d4 24. Rbd1 Rcd5 25. Bc4 R5d6 26. e4 d3 27. Bd5
Bd4 28. g3 Bc5 29. Qxd3 Kg7 30. b3 a5 31. Kg2 Re8 32. Qf3 Qe5 33. Qxf7+ Kh6 34.
Qf4+ Qxf4 35. gxf4 Bb4 36. Rd3 Rf6 37. Kg3 Ref8 38. Rf3 g5 39. fxg5+ Kxg5 40.
h4+ Kg6 41. Rxf6+ Kxf6 42. f4 Re8 43. e5+ Kf5 1-0

[Event "World Blitz Women 2022"]
[Site "Almaty KAZ"]
[Date "2022.12.30"]
[Round "15.44"]
[White "Nomindalai, Tumurbaatar"]
[Black "Kim, Kristina"]
[Result "0-1"]
[WhiteTitle "CM"]
[BlackTitle "WCM"]
[WhiteElo "2132"]
[BlackElo "1930"]
[WhiteFideId "4904095"]
[BlackFideId "13712438"]
[EventDate "2022.12.29"]

1. d4 f5 2. Bg5 g6 3. e3 Bg7 4. Nf3 d6 5. h4 h6 6. Bf4 Nf6 7. Bc4 e6 8. Nbd2 Nc6
9. c3 Qe7 10. Bb3 e5 11. dxe5 dxe5 12. Bh2 e4 13. Nd4 Ne5 14. Bxe5 Qxe5 15. Nc4
Qe7 16. Qd2 Ng4 17. f3 exf3 18. gxf3 Ne5 19. Nxe5 Qxe5 20. O-O-O Bd7 21. Rdg1
Qd6 22. Qg2 c5 23. Ne2 O-O-O 24. Qxg6 Qxg6 25. Rxg6 Be5 26. e4 fxe4 27. fxe4 Bc6
28. Bc2 Rdf8 29. Rhg1 Rf2 30. R6g2 Rhf8 31. Rxf2 Rxf2 32. Kd1 Rh2 33. Ng3 Rxh4
34. Nf5 Rh2 35. Ne7+ Kd7 36. Nxc6 Kxc6 37. Rg6+ Kd7 38. Ba4+ Ke7 39. Kc1 h5 40.
Bb3 Bf6 41. Kd1 b5 42. Rh6 c4 43. Bc2 a5 44. Rh7+ Ke6 45. b3 Bxc3 46. bxc4 bxc4
47. Rh6+ Ke5 48. Rc6 Kd4 49. Rd6+ Ke3 50. Ba4 Bb4 51. Rh6 c3 52. Kc1 Rxa2 53.
Bb3 Rb2 54. Bd5 Rh2 55. e5 Kd3 56. Bb3 Rh1+ 57. Bd1 c2 58. Rxh5 Rxd1+ 59. Kb2
Rb1+ 0-1

[Event "World Blitz Women 2022"]
[Site "Almaty KAZ"]
[Date "2022.12.30"]
[Round "15.45"]
[White "Nasybullina, Alfia"]
[Black "Balakanova, Gulnar"]
[Result "1-0"]
[WhiteTitle "WIM"]
[BlackTitle "WFM"]
[WhiteElo "2027"]
[BlackElo "1743"]
[WhiteFideId "4132416"]
[BlackFideId "13705890"]
[EventDate "2022.12.29"]

1. Nf3 Nf6 2. g3 g6 3. Bg2 Bg7 4. O-O O-O 5. d3 c6 6. e4 d5 7. Nbd2 Nbd7 8. e5
Ne8 9. d4 e6 10. c3 c5 11. Nb3 c4 12. Nbd2 h6 13. a4 Kh7 14. Qc2 a6 15. h4 f5
16. exf6 Ndxf6 17. Ne5 Ne4 18. Nxe4 dxe4 19. Bxe4 Nf6 20. Nxg6 Re8 21. Ne5+ Kg8
22. Bg6 Re7 23. Bd2 Nd5 24. Rae1 Bd7 25. Nxc4 Be8 26. Ne5 Bxe5 27. Rxe5 Rg7 28.
h5 Qf6 29. Bxh6 Qd8 1-0

[Event "World Blitz Women 2022"]
[Site "Almaty KAZ"]
[Date "2022.12.30"]
[Round "15.46"]
[White "Madi, Aidana"]
[Black "Samaganova, Aleksandra"]
[Result "0-1"]
[BlackTitle "WFM"]
[WhiteElo "1583"]
[BlackElo "1884"]
[WhiteFideId "13722689"]
[BlackFideId "13800221"]
[EventDate "2022.12.29"]

1. e4 c5 2. d4 cxd4 3. c3 d3 4. c4 Nf6 5. Bxd3 e6 6. Nc3 Qc7 7. Nf3 Nc6 8. O-O
a6 9. h3 Be7 10. Be3 O-O 11. Na4 Nb4 12. b3 d6 13. Bb1 b5 14. Nb6 Rb8 15. Nxc8
Rfxc8 16. a3 Nc6 17. cxb5 axb5 18. Qd3 Qb7 19. Bg5 Ne5 20. Nxe5 dxe5 21. Qg3 Qc7
22. f4 Nh5 23. Qg4 Bxg5 24. fxg5 Nf4 25. b4 Qc3 26. Ba2 Qe3+ 27. Kh2 Rc2 28. Rg1
Qxe4 29. Rae1 Qd4 30. Rd1 Qb2 31. Bb1 Rd2 32. Rxd2 Qxd2 33. Rd1 Qb2 34. Qf3 g6
35. Be4 Rc8 36. Bc6 Kg7 37. Bxb5 Rc2 38. Rg1 Rf2 39. Qb7 Rd2 40. a4 Qxb4 41. Bc6
Qc3 42. Qb5 Rb2 43. Qa6 Nh5 44. Qc8 Qg3+ 45. Kh1 Nf4 46. Qd8 Nh5 47. Qd1 Nf4 48.
Qd8 Nh5 49. Qd1 Qxg5 50. Qf3 Ng3+ 51. Kh2 Nf5 52. Be4 Nd4 53. Qf1 Qe3 54. Bf3
Nxf3+ 55. Kh1 Qxg1+ 56. Qxg1 Nxg1 57. Kxg1 Ra2 0-1

[Event "World Blitz Women 2022"]
[Site "Almaty KAZ"]
[Date "2022.12.30"]
[Round "15.47"]
[White "Balakanova, Bakhyt"]
[Black "Bauyrzhan, Arnash"]
[Result "0-1"]
[WhiteTitle "WFM"]
[WhiteElo "2005"]
[BlackElo "2041"]
[WhiteFideId "13705881"]
[BlackFideId "13706322"]
[EventDate "2022.12.29"]

1. e4 c5 2. Nc3 Nc6 3. g3 g6 4. Bg2 Bg7 5. d3 e6 6. Nge2 Nge7 7. Be3 Nd4 8. O-O
O-O 9. h3 d6 10. f4 Nec6 11. g4 Nxe2+ 12. Qxe2 Nd4 13. Qf2 f5 14. g5 Bd7 15.
Rab1 Bc6 16. Ne2 Nxc2 17. Bd2 Nd4 18. Ng3 Qd7 19. Kh2 Rae8 20. h4 e5 21. Bh3
exf4 22. Bxf4 Be5 23. Bxe5 Rxe5 24. h5 Qe7 25. hxg6 hxg6 26. Qd2 fxe4 27. Rxf8+
Qxf8 28. Bg2 e3 29. Qe1 Bxg2 30. Kxg2 Qf3+ 31. Kh2 Rxg5 0-1

[Event "World Blitz Women 2022"]
[Site "Almaty KAZ"]
[Date "2022.12.30"]
[Round "15.48"]
[White "Chen, Jocelyn"]
[Black "Martins de Aguiar, Marina"]
[Result "1-0"]
[WhiteTitle "WCM"]
[WhiteElo "1854"]
[BlackElo "1877"]
[WhiteFideId "30947154"]
[BlackFideId "2143321"]
[EventDate "2022.12.29"]

1. e4 c5 2. Nf3 e6 3. d4 cxd4 4. Nxd4 Nf6 5. Nc3 Nc6 6. Nxc6 bxc6 7. Bd3 d5 8.
O-O Be7 9. Re1 O-O 10. e5 Nd7 11. Qf3 Nc5 12. Qh3 Nxd3 13. cxd3 f6 14. d4 c5 15.
exf6 Rxf6 16. Bg5 Rf5 17. Bxe7 Qxe7 18. Qxf5 Qb7 19. Qe5 cxd4 20. Qxd4 Qxb2 21.
Rab1 Qa3 22. Rb3 Qf8 23. Reb1 a5 24. Rb8 Rxb8 25. Rxb8 h6 26. h3 Kh7 27. Qd3+
Kg8 28. Na4 Qd8 29. Nb6 Qd6 30. Rxc8+ Kf7 31. Qf3+ Ke7 32. Qf8# 1-0

[Event "World Blitz Women 2022"]
[Site "Almaty KAZ"]
[Date "2022.12.30"]
[Round "16.1"]
[White "Koneru, Humpy"]
[Black "Shuvalova, Polina"]
[Result "1-0"]
[WhiteTitle "GM"]
[BlackTitle "IM"]
[WhiteElo "2572"]
[BlackElo "2502"]
[WhiteFideId "5008123"]
[BlackFideId "24171760"]
[EventDate "2022.12.29"]

1. d4 Nf6 2. c4 e6 3. Nf3 d5 4. e3 b6 5. b3 Bb7 6. Nc3 Nbd7 7. Bb2 Bd6 8. Bd3 a6
9. O-O O-O 10. Rc1 Qe7 11. Ne2 dxc4 12. Bxc4 Rfd8 13. Ng3 c5 14. a4 cxd4 15.
Nxd4 Nc5 16. Qe2 Bd5 17. Bxd5 Nxd5 18. Nc6 Qe8 19. Nxd8 Nxb3 20. Qg4 g6 21. Nb7
Bxg3 22. hxg3 Nxc1 23. Rxc1 Qd7 24. Qd4 f6 25. e4 Qxb7 26. exd5 e5 27. Qc4 Rd8
28. d6+ Kh8 29. Qe6 Qg7 30. Rc8 Qf8 31. Rxd8 Qxd8 32. d7 Kg7 33. Qe8 1-0

[Event "World Blitz Women 2022"]
[Site "Almaty KAZ"]
[Date "2022.12.30"]
[Round "16.2"]
[White "Tan, Zhongyi"]
[Black "Stefanova, Antoaneta"]
[Result "1-0"]
[WhiteTitle "GM"]
[BlackTitle "GM"]
[WhiteElo "2518"]
[BlackElo "2442"]
[WhiteFideId "8603642"]
[BlackFideId "2902257"]
[EventDate "2022.12.29"]

1. Nf3 d5 2. g3 g6 3. Bg2 Bg7 4. d4 Nf6 5. O-O O-O 6. c4 c6 7. Qb3 Qb6 8. Nc3
Rd8 9. Rd1 Bf5 10. Qxb6 axb6 11. cxd5 Nxd5 12. Bd2 Nb4 13. Bg5 Kf8 14. e4 Bg4
15. d5 cxd5 16. exd5 N8a6 17. h3 Bf5 18. g4 Bc8 19. a3 Bxc3 20. bxc3 Nxd5 21. c4
Be6 22. cxd5 Bxd5 23. Ne5 Bxg2 24. Kxg2 f6 25. Bh6+ Ke8 26. Nc4 Rxd1 27. Rxd1
Nc5 28. Be3 Ne6 29. Bxb6 Ra4 30. Rc1 Nf4+ 31. Kh2 Nd5 32. Be3 b5 33. Nb6 Nxb6
34. Bxb6 Rxa3 35. Rb1 Ra8 36. Rxb5 Rb8 37. Rb4 Kf7 38. Bc5 Rc8 39. Rb5 Rc7 40.
Kg2 Rd7 41. Ra5 Rd5 42. Bb6 Rd6 43. Be3 Re6 44. Ra7 Rc6 45. Kf3 Rc3 46. Ke4 Rc2
47. f3 Rc4+ 48. Kd3 Rc6 49. h4 h5 50. gxh5 gxh5 51. Bd4 Rd6 52. Ke4 Rc6 53. Ra5
Kg6 54. Bc5 e6 55. Kd4 Rc8 56. Ra6 Rd8+ 57. Rd6 Re8 58. Ke4 Re7 59. Rd8 Rc7 60.
Bd4 Rc4 61. Kd3 Ra4 62. Rf8 e5 63. Bf2 Ra3+ 64. Ke2 Ra4 65. Rg8+ Kh7 66. Rg1 e4
67. fxe4 Rxe4+ 68. Kf3 Ra4 69. Rb1 Kg6 70. Rb5 Ra3+ 71. Kg2 Ra2 72. Rb3 Ra4 73.
Rg3+ Kf7 74. Rf3 Kg6 75. Rg3+ Kf7 76. Rc3 Kg6 77. Kf3 Rb4 78. Rd3 Ra4 79. Rd4
Ra3+ 80. Be3 Rb3 81. Rd6 Ra3 82. Ke4 Ra4+ 83. Bd4 Kg7 84. Kf5 Ra5+ 85. Ke6 Kg6
86. Bxf6 Ra2 87. Bg5 Re2+ 88. Kd5+ Kf5 89. Rf6+ Kg4 90. Rf4+ Kg3 91. Re4 Ra2 92.
Ke5 Ra6 93. Kf5 Rb6 94. Re3+ Kf2 95. Ra3 Kg2 96. Bf6 Rb5+ 97. Kg6 Kf2 98. Bg5 1-0

[Event "World Blitz Women 2022"]
[Site "Almaty KAZ"]
[Date "2022.12.30"]
[Round "16.3"]
[White "Assaubayeva, Bibisara"]
[Black "Khademalsharieh, Sarasadat"]
[Result "1-0"]
[WhiteTitle "IM"]
[BlackTitle "IM"]
[WhiteElo "2440"]
[BlackElo "2490"]
[WhiteFideId "13708694"]
[BlackFideId "12512214"]
[EventDate "2022.12.29"]

1. d4 d5 2. c4 e6 3. Nc3 Nf6 4. cxd5 exd5 5. Bg5 c6 6. e3 Be7 7. Bd3 h6 8. Bf4
Bd6 9. Nf3 Bxf4 10. exf4 Bg4 11. O-O O-O 12. h3 Bxf3 13. Qxf3 Qb6 14. Rfd1 Nbd7
15. Rab1 a5 16. a3 Qd8 17. g4 Ne8 18. Kg2 Nd6 19. h4 f5 20. g5 Ne4 21. Bxe4 fxe4
22. Qg3 h5 23. f3 Qc7 24. Ne2 Rae8 25. f5 exf3+ 26. Qxf3 Re4 27. Ng3 Rg4 28. Kh3
Qf4 29. Qxf4 Rxf4 30. Re1 Rxd4 31. Re7 Rf7 32. Rbe1 Nc5 33. Re8+ Rf8 34. R1e7
Rxe8 35. Rxe8+ Kf7 36. Rc8 Rd3 37. Kg2 Rd2+ 38. Kf3 Rd3+ 39. Kf4 Rd2 40. Rc7+
Kf8 41. Nxh5 Rxb2 42. Nxg7 d4 43. Ne6+ Nxe6+ 44. fxe6 Re2 45. Kf5 d3 46. Kf6
Rf2+ 47. Kg6 d2 48. Rd7 c5 49. h5 c4 50. h6 c3 51. h7 Rh2 52. Kf6 Rf2+ 53. Kg6
Rh2 54. Kf6 Rf2+ 55. Ke5 Rh2 56. g6 Rh5+ 1-0